Państwa które pokonują Kazachstan - Statystyki

Ogólne statystyki
  • Ten quiz został rozwiązany 39 razy
  • Średni wynik to 10 z 15
Statystyki odpowiedzi
Ranga Kategoria Państwo % Poprawnych
2 Największe państwo byłego ZSRR Rosja
100%
3 Najludniejsze państwo kończące się na -stan Pakistan / Afganistan
90%
9 Największe państwo świata Rosja / Kanada / Chiny / Stany Zjednoczone / Brazylia / Australia / Indie / Argentyna
90%
5 Najdłuższa granica z Chinami Mongolia / Rosja / Indie / Mjanma
87%
11 Najniższa gęstość zaludnienia Mongolia / Namibia / Islandia / Australia / Surinam / Gujana / Kanada / Libia / Botswana / Mauretania
84%
4 Największy odbiorca rosyjskiego eksportu Chiny / Indie / Turcja
74%
7 Państwo pijące najwięcej wódki Rosja / Białoruś / Ukraina / Polska / Łotwa / Litwa
74%
14 Największa populacja prawosławna Rosja / Etiopia / Ukraina / Rumunia / Grecja / Egipt / Grecja / Serbia / Bułgaria / Stany Zjednoczone / Białoruś / Mołdawia / Macedonia Północna / Gruzja
71%
4remis Państwo z najdłuższą jednosłowną nazwą Liechtenstein / Turkmenistan / Azerbejdżan / Tadżykistan
65%
5 Najbogatsze państwo zaczynające się na K Korea Południowa / Kanada / Kolumbia
61%
3 Najbliższe niegraniczące państwo do Azerbejdżanu Turkmenistan / Irak
58%
2 Najzimniejsza stolica(zapisz nazwę państwa nie stolicę) Mongolia
55%
4 Największy wskaźnik posiadania domu Chiny / Laos / Rumunia
23%
2 Flaga z największym procentem niebieskiego Mikronezja
19%
2 Państwo z najdłuższą granicą międzynarodową(zapisz te dwa państwa) Kanada-Stany Zjednoczone
6%
Nie znaleziono quizów pasujących do podanych kryteriów
Rozkład punktacji
Procent ludzi z każdym wynikiem
Percentyl według liczby udzielonych odpowiedzi
Twoja historia wyników
Nie rozwiązałeś tego quizu